02360nam a2200349 a 450000100100000000500170001000800410002702000140006804000250008208200170010710000360012424500970016026000570025730000360031449000520035049000300040250000710043250000700050350400330057350506870060659000260129361000740131965000620139365000400145583000590149583000370155491000380159195201290162995201150175895201200187399900170199300001388420240409073638.0091201s2001 dr a 000 0 spa d z999347752 aDO-SdBNPbspacBNPHU a322.1bR457r1 aReyes II, Sergio,d1956-93145313aLa rebelión de las sotanas :bel clero católico frente al trujillato /cSergio Reyes II. aSanto Domingo :bLa Frontera:bUniversitaria,c2001. a140 p. :bil., retrs. ;c21 cm.1 aUniversidad Autónoma de Santo Domingo ;v10401 aHistoria y sociedad ;v98 aIncluye datos biográficos del autor en la solapa de la cubierta. aIncluye referencias bibliográficas y notas al pie de páginas. aBibliografía : p. 137-140.0 gPrólogo --tAnsias de libertad --tContubernio iglesia-dictadura --tUn paréntesis necesario --tAcorralados!! --tEl clero entra en escena --tTruenan los altares --tReacciones del régimen --tEn el filo de la navaja --tCancerberos al ataque --tEn la mira del tirano --tEl principio del fin --gEpílogo --gAnexos :tI.- Relación de religiosos involucrados en el conflicto entre la iglesia católica y la dictadura de Trujillo --tII.- Texto de la carta pastoral del Episcopado Dominicano, de fecha 25 (31) de enero de 1960 --tIII.- Ataque al sacerdote Marcial Silva en el "Foro Público" --tIV.- Texto del "Concurso Repudio al Obispo traidor" --gBibliografía. aInventariado, 2018/BT14aIGLESIA CATÓLICAzREPÚBLICA DOMINICANAxHISTORIAySIGLO XX931454 4aIglesia y estadozRepública DominicanaxSiglo xx931455 4aIglesia católicaxGobierno931456 0aUniversidad Autónoma de Santo Domingo ;v1040917164 0aHistoria y sociedad ;v98913749 aValidado. Control de calidad. EMS 001054708DSaGRbGRcHDd2009-12-01iLF1l0o322.1 R457rp13884-30r2020-06-25te.3w2020-06-25yLFDSZPréstamo en sala 0010718PDaPDbPDcHDd2009-12-01iLF1l0o322.1 R457rp13884-10r2020-06-25w2020-06-25yLFPDZNo se presta 0010718PDaPDbPDcHDd2009-12-01iLF1l0o322.1 R457rp13884-20r2020-06-25te.2w2020-06-25yLFPDZNo se presta c13490d13490